000 00817nab a2200253 u 4500
001 10322
003 HDC
007 cr bn ---aaaaa
008 210204c20100622my dr|nes 0 a eng d
040 _aHDC
100 _aSira Habibu,
_eauthor
_910555
245 0 _aSetting global standard /
_cby Sira Habibu
260 _aKuala Lumpur :
_bStar Publications (M) Bhd.,
_c2010
336 _atext
_2rdacontent
337 _acomputer
_2rdamedia
338 _aonline resource
_2rdacarrier
650 _aHalal certificate
_9482
650 _aHalal industry
_9144
710 _aThe Star
856 _zRequest full-text at [email protected]
942 _2lcc
942 _cNEWS
942 _kNWSC 003838
999 _c7645
_d7645